Normal view
MARC view
Entry Personal Name
001 - CONTROL NUMBER
- control field: 1044657
003 - CONTROL NUMBER IDENTIFIER
- control field: OSt
005 - DATE AND TIME OF LATEST TRANSACTION
- control field: 20260121161428.0
008 - FIXED-LENGTH DATA ELEMENTS
- fixed length control field: 260121|| aca||aabn | a|a d
040 ## - CATALOGING SOURCE
- Original cataloging agency: OSt
- Transcribing agency: OSt
100 ## - HEADING--PERSONAL NAME
- Personal name: Epidemiology of Sleep
670 ## - SOURCE DATA FOUND
- Source citation: Work cat.: (OSt)1610736: Epidemiology of Sleep, Kenneth L. Lichstein; Daniel J. Taylor; Andrew J. Bush; H. Heith Durrence; Brant W. Riedel
